LEADER 01113nam1 2200385 450 001 990000405500203316 035 $a0040550 035 $aUSA010040550 035 $a(ALEPH)000040550USA01 035 $a0040550 100 $a20010419d1952----km-y0itay0103----ba 101 $aeng 102 $aUS 105 $a||||||||001yy 200 1 $a<> social religious history of the Jews 8 v.$fSalo Wittmayer Baron 205 $a2 ed.rev. and enlar. 210 $aNew York$cColumbia University Press$d1952 215 $av.$d24 cm 410 $12001 461 1$1001-------$12001 606 $aEbrei$xStoria 676 $a909.04924 700 1$aBARON,$bSalo Wittmayer$0177712 801 0$aIT$bsalbc$gISBD 912 $a990000405500203316 951 $aXIV 202$bLM 959 $aBK 969 $aUMA 979 $aPATTY$b90$c20010419$lUSA01$h1218 979 $aPATTY$b90$c20010419$lUSA01$h1218 979 $aPATTY$b90$c20010419$lUSA01$h1238 979 $c20020403$lUSA01$h1648 979 $aPATRY$b90$c20040406$lUSA01$h1628 996 $aSocial religious history of the Jews 8 v$9874499 997 $aUNISA LEADER 02910nam 2200673Ia 450 001 9910778563903321 005 20230207230648.0 010 $a1-282-40180-7 010 $a9786612401800 010 $a90-485-0817-7 035 $a(CKB)1000000000807633 035 $a(EBL)474229 035 $a(OCoLC)476297150 035 $a(SSID)ssj0000334886 035 $a(PQKBManifestationID)11233669 035 $a(PQKBTitleCode)TC0000334886 035 $a(PQKBWorkID)10271949 035 $a(PQKB)11062674 035 $a(MiAaPQ)EBC474229 035 $a(Au-PeEL)EBL474229 035 $a(CaPaEBR)ebr10346705 035 $a(CaONFJC)MIL240180 035 $a(EXLCZ)991000000000807633 100 $a20090416d2009 uy 0 101 0 $aeng 135 $aur|n|---||||| 181 $ctxt 182 $cc 183 $acr 200 00$aAsian material culture$b[electronic resource] /$fedited by Marianne Hulsbosch (senior editor), Elizabeth Bedford and Martha Chaiklin (co-editors) 210 $aAmsterdam $cAmsterdam University Press$dc2009 215 $a1 online resource (233 p.) 225 1 $aICAS publications series. Edited volumes ;$v4 300 $aDescription based upon print version of record. 311 $a90-8964-090-8 320 $aIncludes bibliographical references. 327 $aTable of Contents; Foreword; ASIAN MATERIAL CULTURE IN CONTEXT; MOON CAKES AND THE CHINESE MID-AUTUMN FESTIVAL: A MATTER OF HABITUS; UP IN THE HAIR: STRANDS OF MEANING IN WOMEN'S ORNAMENTAL HAIR ACCESSORIES IN EARLY MODERN JAPAN; NONYA BEADWORK AND CONTEMPORARY PERANAKAN CHINESE CULTURE IN SINGAPORE AND MALAYSIA; EVERYBODY WAS KUNG-FU FIGHTING: THE LION DANCE AND CHINESE NATIONAL IDENTITY IN THE 19TH AND 20TH CENTURIES; WORKS LIKE A CHARM: CULTURAL TOURISM, COLOUR AND ITS EFFICACY IN CHINESE MIAO TRADITIONAL DRESS 327 $aFLUTTERING LIKE FLOWERS IN A SUMMER'S BREEZE: HAIR JEWELLERY OF CHRISTIAN MOLUCCAN WOMEN OF THE DUTCH EAST INDIESTENSION ON THE BACK-STRAP LOOM; CONTRIBUTORS 330 $aAn informative overview of the materiality of Asian cultures and the ways in which objects and practices can embody and also exhibit individual as well as collective tastes and values 410 0$aICAS publication series.$pEdited volumes ;$v4. 606 $aMaterial culture$zEast Asia 606 $aMaterial culture$zAsia 607 $aEast Asia$xSocial life and customs 607 $aAsia$xSocial life and customs 615 0$aMaterial culture 615 0$aMaterial culture 676 $a301 676 $a306.095 686 $a73.20$2bcl 701 $aHulsbosch$b Marianne$01518721 701 $aBedford$b Elizabeth$01518722 701 $aChaiklin$b Martha$f1960-$01518723 801 0$bMiAaPQ 801 1$bMiAaPQ 801 2$bMiAaPQ 906 $aBOOK 912 $a9910778563903321 996 $aAsian material culture$93756457 997 $aUNINA